Senge dzong : (Record no. 10181)
[ view plain ]
| 000 -LEADER | |
|---|---|
| fixed length control field | 00482cam a2200181 4500 |
| 001 - CONTROL NUMBER | |
| control field | 4826 |
| 005 - DATE AND TIME OF LATEST TRANSACTION | |
| control field | 20250328162720.0 |
| 008 - FIXED-LENGTH DATA ELEMENTS--GENERAL INFORMATION | |
| fixed length control field | 761210t19771966nyu b 000 1 eng |
| 010 ## - LIBRARY OF CONGRESS CONTROL NUMBER | |
| LC control number | 76030631 |
| 020 ## - INTERNATIONAL STANDARD BOOK NUMBER | |
| International Standard Book Number | 978998059801 |
| 082 ## - DEWEY DECIMAL CLASSIFICATION NUMBER | |
| Classification number | 294.3 RIN |
| 100 1# - MAIN ENTRY--PERSONAL NAME | |
| Personal name | Rinpoche, Shechen Rabjam. |
| 245 10 - TITLE STATEMENT | |
| Title | Senge dzong : |
| Remainder of title | sacred land of wonders. |
| 260 ## - PUBLICATION, DISTRIBUTION, ETC. | |
| Place of publication, distribution, etc. | Thimphu ; |
| Name of publisher, distributor, etc. | Nigma Ragshar KTDL, |
| Date of publication, distribution, etc. | 2023. |
| 300 ## - PHYSICAL DESCRIPTION | |
| Extent | viii, 274 p. ; |
| Dimensions | 24 cm. |
| 651 #0 - SUBJECT ADDED ENTRY--GEOGRAPHIC NAME | |
| Geographic name | Dzongs. |
| 942 ## - ADDED ENTRY ELEMENTS (KOHA) | |
| Source of classification or shelving scheme | Dewey Decimal Classification |
| Koha item type | Non fiction |
| Withdrawn status | Lost status | Source of classification or shelving scheme | Damaged status | Not for loan | Collection code | Home library | Current library | Shelving location | Date acquired | Cost, normal purchase price | Inventory number | Full call number | Barcode | Date last seen | Price effective from | Koha item type | Total Checkouts | Checked out | Date last checked out |
|---|---|---|---|---|---|---|---|---|---|---|---|---|---|---|---|---|---|---|---|
| Dewey Decimal Classification | Main TEST | RTC Library | RTC Library | Main opac | 28/03/2025 | 555.00 | 19205 | 294.3 RIN c1 | 30020367 | 28/03/2025 | 28/03/2025 | Non fiction | |||||||
| Dewey Decimal Classification | Main TEST | RTC Library | RTC Library | Main opac | 28/03/2025 | 555.00 | 19206 | 294.3 RIN c2 | 30020368 | 30/04/2026 | 28/03/2025 | Non fiction | 1 | 23/07/2026 | 30/04/2026 | ||||
| Dewey Decimal Classification | Main TEST | RTC Library | RTC Library | Main opac | 28/03/2025 | 555.00 | 19207 | 294.3 RIN c3 | 30020369 | 28/03/2025 | 28/03/2025 | Non fiction | |||||||
| Dewey Decimal Classification | Main TEST | RTC Library | RTC Library | Main opac | 28/03/2025 | 555.00 | 19208 | 294.3 RIN c4 | 30020370 | 28/03/2025 | 28/03/2025 | Non fiction |